ბათუმის შოთა რუსთაველის სახელმწიფო უნივერსიტეტის ბიბლიოთეკა

ენტომოლოგია. ნაწ. 1 / (ბიბ.ჩანაწერი № 62974)

000 -ლიდერი
ფიქსირებული სიგრძის საკონტროლო ველი 01179nam a22002177a 4500
003 - საკონტროლო ნომრის იდენტიფიკატორი
საკონტროლო ველი Ge_BSU
005 - ბოლო ოპერაციის თარიღი და დრო
საკონტროლო ველი 20250422101829.0
008 - ფიქსირებული სიგრძის მონაცემთა ელემენტები - ზოგადი ინფორმაცია
ფიქსირებული სიგრძის საკონტროლო ველი 250422s1956 ge ||||| |||| 00| 0 geo d
041 ## - ენის კოდი
Language code of text/sound track or separate title geo
080 ## - უნივერსალური ათობითი კლასიფიკაციის ინდექსი
Universal Decimal Classification number 595.7(075.8) ე-69
245 ## - ცნობა სათაურის შესახებ
Title ენტომოლოგია. ნაწ. 1 /
Statement of responsibility, etc ლ. კალანდაძე, ირ. ბათიაშვილი, ნ. ალექსიძე, გ. ყანჩაველი ; ლ. კალანდაძის საერთო რედაქციით.
264 ## - წარმოების, გამოცემის, დისტრიბუციის და სხვა ცნობები
გამოცემის, წარმოების, დისტრიბუციის... ადგილი თბილისი :
გამოცემის, წარმოების, დისტრიბუციის... სახელწოდება საქ. სას.-სამ. ინ-ტის გამ-ბა და სტ.,
გამოცემის, წარმოების, დისტრიბუციის... თარიღი 1956.
300 ## - ფიზიკური აღწერა
Extent 486 გვ. :
Other physical details ილ.,
Dimensions 25 სმ.
504 ## - BIBLIOGRAPHY, ETC. NOTE
Bibliography, etc ბიბლიოგრაფია: გვ. 450-453.
700 ## - ADDED ENTRY--PERSONAL NAME
Personal name კალანდაძე, ლ.
Relator term ავტორი
9 (RLIN) 6059
700 ## - ADDED ENTRY--PERSONAL NAME
Personal name ბათიაშვილი, ირ.
Relator term ავტორი
9 (RLIN) 11544
700 ## - ADDED ENTRY--PERSONAL NAME
Personal name ქარუმიძე, ს.
Relator term ავტორი
9 (RLIN) 24875
700 ## - ADDED ENTRY--PERSONAL NAME
Personal name ყანჩაველი, გ.
Relator term ავტორი
9 (RLIN) 24876
700 ## - ADDED ENTRY--PERSONAL NAME
Personal name კალანდაძე, ლ.
Relator term რედაქტორი
9 (RLIN) 6059
942 ## - ADDED ENTRY ELEMENTS (KOHA)
Source of classification or shelving scheme
Koha item type წიგნი
ეგზემპლარები
ჩამოწერის სტატუსი დაკარგული ეგზემპლარის სტატუსი კლასიფიკაციის წყარო ან თაროზე გაწყობის სქემა დაზიანების სტატუსი არ გაიცემა მუდმივი მდებარეობა (დაცვის ადგილი) ამჟამინდელი ადგილსამყოფელი თაროზე განთავსების ადგილი შეძენის თარიღი ღირებულება, შესყიდვის ნორმალური ფასი სრული შენახვის შიფრი შტრიხკოდი ბოლო ოპერაციის თარიღი ეგზემპლარის მიმდევრობითი ნომერი (კეტერი?) ფასის ძალაში შესვლის თარიღი ეგზემპლარის სახეობა საჯარო შენიშვნა
          ბათუმის შოთა რუსთაველის სახელმწიფო უნივერსიტეტის მთავარი ბიბლიოთეკა ბათუმის შოთა რუსთაველის სახელმწიფო უნივერსიტეტის მთავარი ბიბლიოთეკა წიგნსაცავი 2025-04-22 2.78 595.7(075.8) ე-69 71176 2025-04-22 71176 2025-04-22 წიგნი 2 ლ. 78 თ.